000 00786cam a2200205 4500
001 WS121374
008 030218n 000 0 eng u
035 _a(Sirsi) u121374
110 _aWaste and Resources Action Programme
_94405
245 _aWaste and Resources Action Programme
520 _aWeb site for this organisation whose aim it to 'create stable and efficient markets for recycled materials and products'. Includes pages on how to buy, collect and sell recycled materials and details of sources of finance available.
650 _aGLASS
650 _aWOOD
650 _aPLASTIC
650 _aPAPER
650 _aWASTE STRATEGY
690 _aWASTE MANAGEMENT
856 4 0 _uhttps://www.wrap.org.uk
_zView the website free of charge at www.wrap.org.uk...
942 _n0
999 _c120228
_d120228